00891nam a22002537a 45000010005000000030006000050050017000110080041000280200018000690400029000870500014001160820010001301000025001402450082001652600040002473000050002874900035003375050008003725200165003805210020005455210020005656500036005857000016006213592FISKH20240321151208.0240321b cb ||||| |||| 00| 0 eng d a9780141307107 aFISKHbengcFISKHdFISKH aF334.M753 a976.1 aParks, Rosaeauthor  aI am Rosa Parks / cby Rosa Praks with Jim Haskins ; illustrated by Wil Clay  aNew York : bPenguin Group , c1997 a48 pages : bcolor illustrations ; c24 cm .  aPenguin young readersvLevel 4 aK  aThe black woman whose acts of civil disobedience led to the 1956 Supreme Court order to desegregate buses in Montgomery, Alabama, explains what she did and why.8 a520 bLexile 8 aK bRaz-Plus  aAfrican AmericansvNon-fiction  aClay , Wil